Withdrawal of privileges (Record no. 84446)

MARC details
000 -LEADER
fixed length control field 01151cab a22002175a 4500
001 - CONTROL NUMBER
control field L157722
008 - FIXED-LENGTH DATA ELEMENTS--GENERAL INFORMATION
fixed length control field 130411e20130330xxk 000 0 eng d
035 ## - SYSTEM CONTROL NUMBER
System control number (Sirsi) u157722
041 0# - LANGUAGE CODE
Language code of text/sound track or separate title eng
100 1# - MAIN ENTRY--PERSONAL NAME
Personal name Ditchburn, Mathew
245 00 - TITLE STATEMENT
Title Withdrawal of privileges
260 ## - PUBLICATION, DISTRIBUTION, ETC.
Date of publication, distribution, etc. 2013
490 ## - SERIES STATEMENT
Series statement Estates Gazette
Volume/sequential designation (1313) 30 March 2013, 69(1)
520 ## - SUMMARY, ETC.
Summary, etc. Should legal advice given by surveyors have to be disclosed in litigation? The Supreme Court in R (on the application of Prudential plc) v Special Commissioner of Income Tax [2013] UKSC 1 concluded by a majority of five to two that legal advice privilege should only apply to members of the legal profession and not to other professionals even if they routinely give legal advice. However the Supreme Court also said that this was a policy best left to Parliament to decide so this ruling may not have much of an immediate effect.
590 ## - LOCAL NOTE (RLIN)
Local note KA
650 24 - SUBJECT ADDED ENTRY--TOPICAL TERM
Topical term or geographic name entry element The Supreme Court in R (on the application of Prudential plc) v Special Commissioner of Income Tax [2013]
651 #4 - SUBJECT ADDED ENTRY--GEOGRAPHIC NAME
Geographic name United Kingdom
690 ## - LOCAL SUBJECT ADDED ENTRY--TOPICAL TERM (OCLC, RLIN)
Topical term or geographic name as entry element Business and management
690 ## - LOCAL SUBJECT ADDED ENTRY--TOPICAL TERM (OCLC, RLIN)
Topical term or geographic name as entry element Finance and taxation
942 ## - ADDED ENTRY ELEMENTS (KOHA)
Suppress in OPAC 0
Holdings
Withdrawn status Lost status Source of classification or shelving scheme Damaged status Not for loan Home library Current library Shelving location Date acquired Total Checkouts Full call number Barcode Date last seen Copy number Price effective from Koha item type
    Dewey Decimal Classification     London London Journal article 11/04/2013   L157722 157722-1001 06/08/2019 1 06/08/2019 Journal article